00965nam a2200289 i 4500001000300000100002700003245013400030260003200164300003100196490001800227504001200245650001100257655001800268700002300286830001800309020001500327040000800342041000800350080002700358920001800385942000700403008004100410999001700451856009800468952006000566952004900626bg1 aGRAŻYŃSKI, Andrzej10aDelphi 7 dla każdego :bbłyskawiczne tworzenie aplikacji dla środowiska Windows /cAndrzej Grażyński, Zbigniew Zarzycki. aGliwice :b"Helion",c2003. a830 s. ;c24 cm +eCD ROM.1 aDla Każdego aIndeks. 9aDelphi aPodręczniki1 aZARZYCKI, Zbigniew aDla Każdego a837361091X cBPK0 apol a004.438A/Z:004.42](07) a83-7361-091-X cKS s pl f |000 0 pol  c42979d42979 uhttp://koha.tu.koszalin.pl/cgi-bin/koha/opac-detail.pl?biblionumber=42979yKatalog online BPK 00104071aBPKbBPKcco67958p02019642t004.43 JpyKS 00104070aBPKbBPKcwo67959p02019635yKS